[Event "Thessaloniki ol (Men)"]
[Site "Thessaloniki"]
[Date "1988.??.??"]
[Round "12"]
[White "Adianto, Utut"]
[Black "Johansen, Darryl K"]
[Result "0-1"]
[WhiteElo "2525"]
[BlackElo "2415"]

1.d4 Nf6 2.Nf3 e6 3.c4 Bb4+ 4.Bd2 Qe7 5.g3 Nc6 6.Bg2 Bxd2+ 7.Nbxd2 d6 8.O-O O-O
9.Qc2 e5 10.e3 a5 11.b3 Re8 12.dxe5 dxe5 13.Ng5 Nb4 14.Qc3 h6 15.Nge4 Nxe4
16.Nxe4 f5 17.a3 Nc6 18.Nd2 e4 19.c5 Be6 20.Rfd1 Bf7 21.b4 Qe5 22.Qxe5 Nxe5
23.f3 Red8 24.f4 Nd3 25.Nxe4 axb4 26.Nd6 Nb2 27.Rdb1 Rxa3 28.Nxf5 Rda8 29.Rxa3 bxa3
30.Bxb7 a2 31.Ra1 Ra3 32.Kf2 Nd3+ 33.Ke2 Nxc5 34.Bd5 Bxd5 35.Ne7+ Kf7 36.Nxd5 Nb3  0-1

[Event "Thessaloniki ol (Men)"]
[Site "Thessaloniki"]
[Date "1988.??.??"]
[Round "12"]
[White "Hort, Vlastimil"]
[Black "Schussler, Harry"]
[Result "1/2-1/2"]
[WhiteElo "2595"]
[BlackElo "2525"]

1.d4 Nf6 2.Nf3 e6 3.c4 Bb4+ 4.Bd2 c5 5.g3 Qb6 6.Qb3 Nc6 7.Bxb4 Qxb4+ 8.Nbd2 b6
9.Bg2 Bb7 10.dxc5 Qxc5 11.O-O O-O 12.Rac1 Rac8 13.a3 Rfd8 14.Rfd1 h6 15.h3 Qe7
16.Qa4 Rc7 17.b4 Rdc8 18.Qb3 Nb8  1/2-1/2

[Event "Thessaloniki ol (Men)"]
[Site "Thessaloniki"]
[Date "1988.??.??"]
[Round "12"]
[White "Hernandez, Roman"]
[Black "Wirthensohn, Heinz"]
[Result "1-0"]
[WhiteElo "2430"]
[BlackElo "2385"]

1.d4 Nf6 2.Nf3 e6 3.c4 Bb4+ 4.Bd2 c5 5.Bxb4 cxb4 6.g3 O-O 7.Bg2 d6 8.O-O Nc6
9.Nbd2 e5 10.d5 Nb8 11.Ne1 Na6 12.e4 Qb6 13.Nc2 Bg4 14.Bf3 Bh3 15.Bg2 Bg4
16.Bf3 Bh3 17.Re1 Bd7 18.Re3 Nc5 19.g4 a5 20.g5 Ne8 21.Bg4 Qd8 22.Bxd7 Qxd7
23.Nb3 Nxb3 24.axb3 f5 25.Nxb4 f4 26.Re1 Qd8 27.Nc2 Qxg5+ 28.Kh1 Qg6 29.f3 Nf6
30.Rg1 Qh5 31.Ne1 Nd7 32.Nd3 Rfc8 33.Qe2 b6 34.Qg2 Qf7 35.Qh3 Nc5 36.Nxc5 Rxc5
37.Rg5 Kh8 38.Rag1 Rg8 39.Rf5 Qe8 40.Rh5  1-0

[Event "Thessaloniki ol (Men)"]
[Site "Thessaloniki"]
[Date "1988.??.??"]
[Round "13"]
[White "Hernandez, Roman"]
[Black "Stempin, Pawel"]
[Result "1-0"]
[WhiteElo "2430"]
[BlackElo "2435"]

1.d4 Nf6 2.Nf3 e6 3.c4 Bb4+ 4.Bd2 c5 5.Bxb4 cxb4 6.g3 b6 7.Bg2 Bb7 8.O-O a5
9.Qd3 O-O 10.Nbd2 d6 11.e4 e5 12.Nh4 Nc6 13.Nf5 g6 14.d5 Ne7 15.Ne3 Nd7 16.f4 Nc5
17.Qe2 f6 18.Rf2 Kg7 19.Raf1 Qc7 20.h4 Rf7 21.Bh3 Bc8 22.Bxc8 Rxc8 23.fxe5 dxe5
24.h5 Qd6 25.Ng4 Ng8 26.Nf3 Nd7 27.Ng5 Re7 28.Ne6+ Rxe6 29.dxe6 Qxe6 30.Ne3 Nh6
31.Rh2 Rf8 32.Qd2 Nf7 33.h6+ Kg8 34.Qd5 Qxd5 35.Nxd5 Ng5 36.Rd2 Kf7 37.Nxb6 Nxb6
38.Rd6 Nxe4 39.Rxb6 g5 40.c5 Kg6 41.c6 Rc8 42.Rc1 Nxg3 43.Rc2 e4 44.c7 e3
45.Rb8 Rxc7 46.Rxc7 f5 47.Rb6+ Kh5 48.Rxh7 Ne4 49.Re7  1-0

[Event "Tirnavia-B"]
[Site "Trnava"]
[Date "1988.??.??"]
[Round "5"]
[White "Pavlovic, Milos"]
[Black "Mokry, Karel"]
[Result "1/2-1/2"]
[WhiteElo "2460"]
[BlackElo "2460"]

1.d4 Nf6 2.c4 e6 3.Nf3 Bb4+ 4.Bd2 c5 5.Bxb4 cxb4 6.g3 b6 7.Bg2 Bb7 8.O-O O-O
9.a3 bxa3 10.Rxa3 a5 11.Nc3 Na6 12.d5 Rc8 13.Ne5 exd5 14.Nxd5 Nxd5 15.Bxd5 Bxd5
16.Qxd5 d6 17.Nd3 Nc7 18.Qf3 Ne6 19.Rc3 Re8 20.Qd5 Nc7 21.Qf3 Ne6 22.Qd5 Nc7  1/2-1/2

[Event "Tirnavia-B"]
[Site "Trnava"]
[Date "1988.??.??"]
[Round "9"]
[White "Pavlovic, Milos"]
[Black "Robatsch, Karl"]
[Result "1-0"]
[WhiteElo "2460"]
[BlackElo "2415"]

1.d4 Nf6 2.c4 e6 3.Nf3 Bb4+ 4.Bd2 Qe7 5.g3 Bxd2+ 6.Qxd2 O-O 7.Bg2 d5 8.O-O Rd8
9.Qc2 Na6 10.Rd1 Nb4 11.Qc1 c5 12.cxd5 exd5 13.dxc5 Qxe2 14.Nc3 Qe7 15.a3 Nc6
16.b4 Bg4 17.Qf4 a5 18.Re1 Qf8 19.b5 Na7 20.Ne5 Be6 21.Rac1 Qxc5 22.Nxd5 Nxd5
23.Rxc5 Nxf4 24.gxf4 b6 25.Bxa8 bxc5 26.Bc6 Rb8 27.Rb1 c4 28.b6 Nc8 29.b7 Ne7
30.Be4 f6 31.Rb6 Bh3 32.Nxc4  1-0

[Event "Uzhgorod"]
[Site "Uzhgorod"]
[Date "1988.??.??"]
[Round "?"]
[White "Lputian, Smbat G"]
[Black "Stempin, Pawel"]
[Result "1-0"]
[WhiteElo "2540"]
[BlackElo "2435"]

1.c4 Nf6 2.d4 e6 3.Nf3 Bb4+ 4.Bd2 c5 5.Bxb4 cxb4 6.e3 O-O 7.Bd3 d6 8.Nbd2 Nc6
9.Ne4 h6 10.O-O Qe7 11.Rc1 e5 12.d5 Nxe4 13.Bxe4 Nb8 14.c5 Bg4 15.h3 Bxf3
16.Qxf3 Nd7 17.c6 Nc5 18.Rxc5 dxc5 19.d6 Qxd6 20.Rd1 Qe6 21.cxb7 Rab8 22.b3 g6
23.Rd2 Qe7 24.g4 Kg7 25.Kh2 Rfd8 26.Rxd8 Rxd8 27.Qe2 Qd6 28.Kg2 Qb6 29.Qc4 Rd7
30.Kg3 Rd8 31.Bd5 Rd7 32.h4 Re7 33.h5 Rd7 34.hxg6 fxg6 35.Bc6 Rd8 36.Qe6 Qc7
37.Be4 Rd6 38.Qxe5+ Kh7 39.f4 a5 40.Qe8 Rb6 41.Bxg6+ Kg7 42.Be4 Qd6 43.Qc8 a4
44.Bd5 axb3 45.Qg8+ Kf6 46.Qf7+  1-0

[Event "URS-ch otbor56"]
[Site "Uzhgorod"]
[Date "1988.??.??"]
[Round "?"]
[White "Magerramov, Elmar"]
[Black "Vitolinsh, Alvis"]
[Result "1/2-1/2"]
[WhiteElo "2430"]
[BlackElo "2415"]

1.d4 Nf6 2.c4 e6 3.Nf3 Bb4+ 4.Bd2 c5 5.Bxb4 cxb4 6.g3 b6 7.Bg2 Bb7 8.O-O O-O
9.Nbd2 a5 10.a3 Na6 11.Qb3 d6 12.Rfd1 Qe8 13.h3 Rd8 14.Qe3 Nd7 15.Qd3 g6
16.Ne1 Bxg2 17.Nxg2 bxa3 18.bxa3 Nc7 19.Rab1 Qe7 20.e4 d5 21.cxd5 exd5 22.e5 f6
23.f4 fxe5 24.fxe5 b5 25.Rdc1 Nb6 26.Nf4 Nc4 27.Nxc4 dxc4 28.Qe3 g5 29.Nh5 Nd5
30.Qd2 Kh8 31.Rxb5 Qd7 32.Rxa5 Qxh3 33.Qg2 Qxg2+ 34.Kxg2 Ne3+ 35.Kg1 Rxd4
36.Nf6 Kg7 37.Ra6 Rb8 38.Re1 Rd2 39.Nh5+ Kf8 40.Rf6+ Ke7 41.Rxe3 Rb1+ 42.Rf1 Rbb2
43.Rc1 Rg2+ 44.Kf1 Rh2 45.Kg1  1/2-1/2

[Event "URS-ch otbor56"]
[Site "Uzhgorod"]
[Date "1988.??.??"]
[Round "?"]
[White "Savon, Vladimir A"]
[Black "Hlusevich, S."]
[Result "1-0"]
[WhiteElo "2430"]
[BlackElo "2375"]

1.d4 Nf6 2.c4 e6 3.Nf3 Bb4+ 4.Bd2 Qe7 5.g3 Nc6 6.Nc3 Bxc3 7.Bxc3 Ne4 8.Rc1 d6
9.Bg2 O-O 10.O-O Nxc3 11.Rxc3 e5 12.d5 Nb8 13.Nd2 a5 14.e4 Nd7 15.Bh3 Nc5
16.Bxc8 Raxc8 17.b3 c6 18.Qe2 Qc7 19.a3 Qb6 20.Qe3 g6 21.Rb1 Qc7 22.b4 axb4
23.axb4 Nd7 24.c5 dxc5 25.bxc5 cxd5 26.exd5 Nxc5 27.Ne4 b6 28.d6 Qd8 29.Nxc5 bxc5
30.Qxe5 Re8 31.Qd5 Re6 32.d7 Rc7 33.Rb8  1-0

[Event "URS-ch otbor56"]
[Site "Uzhgorod"]
[Date "1988.??.??"]
[Round "?"]
[White "Sideif Sade, Fikret I"]
[Black "Temirbaev, Serik"]
[Result "1/2-1/2"]
[WhiteElo "2395"]
[BlackElo "2375"]

1.d4 Nf6 2.c4 e6 3.Nf3 Bb4+ 4.Bd2 Bxd2+ 5.Qxd2 b6 6.Nc3 Bb7 7.g3 O-O 8.Bg2 Ne4
9.Nxe4 Bxe4 10.O-O d6 11.Ne1 Bxg2 12.Nxg2 Nd7 13.Rad1 e5 14.Qc2  1/2-1/2

[Event "Vina del Mar"]
[Site "Vina del Mar"]
[Date "1988.??.??"]
[Round "3"]
[White "Gulko, Boris F"]
[Black "Ljubojevic, Ljubomir"]
[Result "1-0"]
[WhiteElo "2590"]
[BlackElo "2590"]

1.d4 Nf6 2.c4 e6 3.Nf3 Bb4+ 4.Bd2 Bxd2+ 5.Qxd2 O-O 6.g3 d5 7.Bg2 Qe7 8.O-O Rd8
9.Qd3 Na6 10.Nbd2 c5 11.Rac1 cxd4 12.Qxd4 Nb4 13.cxd5 Nxa2 14.Ra1 Nb4 15.Rxa7 e5
16.d6 Qe8 17.Qb6 Rxa7 18.Qxa7 Qb5 19.Rc1 Nc6 20.Qe3 Be6 21.Ng5 Rxd6 22.Bxc6 Qxb2
23.Nc4 Bxc4 24.Rxc4 bxc6 25.Qa7 Nd7 26.Rxc6 Rd1+ 27.Kg2 g6 28.Qa8+ Kg7 29.Qe8 Qa2
30.Rc8 Qxe2 31.Qh8+ Kh6 32.Nxf7+  1-0

[Event "RSFSR-ch"]
[Site "Voronezh"]
[Date "1988.??.??"]
[Round "?"]
[White "Sherbakov, Vitaly S"]
[Black "Kholmov, Ratmir D"]
[Result "1-0"]
[WhiteElo "2290"]
[BlackElo "2475"]

1.d4 Nf6 2.Nf3 e6 3.c4 Bb4+ 4.Bd2 Bxd2+ 5.Qxd2 d5 6.Nc3 O-O 7.e3 Qe7 8.Be2 Nbd7
9.O-O dxc4 10.Bxc4 c5 11.Rad1 Nb6 12.Bb3 Bd7 13.e4 cxd4 14.Nxd4 Rfd8 15.e5 Ne8
16.f4 Nc7 17.Qf2 Bc6 18.f5 Nd7 19.Rde1 Kh8 20.Kh1 Qg5 21.Nxc6 bxc6 22.Ne4 Qh5
23.Qf4 Rf8 24.Nd6 Nd5 25.Bxd5 cxd5 26.Rf3 exf5 27.Nxf5 Rae8 28.Rh3 Qg6 29.Rg3 Qf6
30.Rge3 Qg6 31.h3 Nc5 32.Nd6 Ne6 33.Qf2 Rb8 34.Rf3 Kg8 35.b3 Rb6 36.Nf5 Rb7
37.Rg3 Ng5 38.Qf4 h6 39.h4 Qh5 40.Kg1 Ne6 41.Nxg7  1-0

[Event "Vrnjacka Banja"]
[Site "Vrnjacka Banja"]
[Date "1988.??.??"]
[Round "?"]
[White "Lukacs, Peter"]
[Black "Cabrilo, Goran"]
[Result "1/2-1/2"]
[WhiteElo "2490"]
[BlackElo "2505"]

1.d4 Nf6 2.c4 e6 3.Nf3 Bb4+ 4.Bd2 a5 5.g3 d5 6.Qc2 Nc6 7.a3 Be7 8.Bg2 O-O
9.O-O a4 10.cxd5 exd5 11.Nc3 Bd7 12.Bg5 Be8 13.e3 h6 14.Bxf6 Bxf6 15.Ne1 Ne7
16.Nd3 b6 17.Rac1 g6 18.Rfd1 Bg7 19.Ne2 Ra7 20.Nef4 Qd6 21.Nb4 c6 22.Na2  1/2-1/2

[Event "Vrnjacka Banja"]
[Site "Vrnjacka Banja"]
[Date "1988.??.??"]
[Round "?"]
[White "Gunawan, Ronny"]
[Black "Trifunovic, Miroljub"]
[Result "1-0"]
[WhiteElo "2440"]
[BlackElo "2275"]

1.d4 Nf6 2.c4 e6 3.Nf3 Bb4+ 4.Bd2 Bxd2+ 5.Qxd2 O-O 6.Nc3 d5 7.e3 Qe7 8.cxd5 exd5
9.Bd3 c6 10.O-O Re8 11.Qc2 Nbd7 12.Rab1 Ne4 13.b4 Ndf6 14.b5 c5 15.dxc5 Nxc5
16.Rbc1 Nxd3 17.Qxd3 Be6 18.Nd4 Rac8 19.Nce2 h6 20.Qb3 Qd6 21.h3 Ne4 22.Rfd1 Qb6
23.Nf4 Nf6 24.Qa3 Bd7 25.Qb3 Rc5 26.Rxc5 Qxc5 27.Nd3 Qb6 28.Rc1 a6 29.bxa6 Qxb3
30.axb3 bxa6 31.Ra1 Bb5 32.Nb4 Rc8 33.Nxa6 Bxa6 34.Rxa6 Rc1+ 35.Kh2 Rb1 36.Rb6 Ne4
37.f3 Nd2 38.Kg3 Rb2 39.Kf4 Nc4 40.Rb8+ Kh7 41.h4 f6 42.h5 g5+ 43.Kf5 Nxe3+
44.Kxf6 Nxg2 45.Ne6  1-0

[Event "Vrnjacka Banja"]
[Site "Vrnjacka Banja"]
[Date "1988.??.??"]
[Round "?"]
[White "Marinkovic, Ivan"]
[Black "Pavlovic, Milos"]
[Result "1/2-1/2"]
[WhiteElo "2415"]
[BlackElo "2460"]

1.d4 Nf6 2.c4 e6 3.Nf3 Bb4+ 4.Bd2 c5 5.Bxb4 cxb4 6.g3 O-O 7.Bg2 d6 8.O-O Re8
9.a3 Nc6 10.axb4 Nxb4 11.Nc3 Bd7 12.Qb3 a5  1/2-1/2

[Event "Warsaw"]
[Site "Warsaw"]
[Date "1988.??.??"]
[Round "3"]
[White "Baumbach, Friedrich"]
[Black "Latas, Boguslaw"]
[Result "1/2-1/2"]
[WhiteElo "2315"]
[BlackElo "2310"]

1.d4 Nf6 2.c4 e6 3.Nf3 Bb4+ 4.Bd2 c5 5.g3 b6 6.Bg2 Bb7 7.O-O Bxd2 8.Qxd2 cxd4
9.Qxd4 Nc6 10.Qf4 Qb8 11.Qxb8+ Rxb8 12.Nc3 Ke7 13.Rfd1 Rhd8 14.Rac1 d6 15.Nb5  1/2-1/2

[Event "Zuerich op"]
[Site "Zuerich"]
[Date "1988.??.??"]
[Round "7"]
[White "Alber, Horst"]
[Black "Gartner, Guntram"]
[Result "1/2-1/2"]
[WhiteElo "2350"]
[BlackElo "2180"]

1.d4 Nf6 2.c4 e6 3.Nf3 Bb4+ 4.Bd2 Qe7 5.g3 O-O 6.Bg2 Bxd2+ 7.Qxd2 d6 8.O-O e5
9.Nc3 a5 10.Rad1 Re8 11.e4 Bg4 12.Nd5 Nxd5 13.cxd5 exd4 14.Qxd4 Nd7 15.h3 Bxf3
16.Bxf3 Qf6 17.Qxf6 Nxf6 18.Rc1 Nxe4 19.Bxe4 Rxe4 20.Rxc7 Rb4 21.b3 Rb5 22.Re1 Rxd5
23.Ree7 Rf5 24.Rxb7 g6 25.Kg2 Rc8 26.Rbc7 Rb8 27.Ra7 Rc8 28.Re2 Rcc5 29.g4 Rf6
30.Rd2 Kf8 31.Rd7 Rc6 32.Re2 h6 33.Rd8+ Kg7 34.Rd2 Re6 35.Ra8 Re5 36.Rd8 Re6
37.Ra8 Re5 38.Ra7 g5 39.Rd3 Kg6 40.Rd7 Re6 41.Rf3 f6 42.Rd3 Rc2 43.a4 Ree2
44.Rf3 Rc6 45.Kf1 Re6 46.Rd3 h5 47.Kg2 hxg4 48.hxg4 Re4  1/2-1/2

[Event "Aarhus op"]
[Site "Aarhus"]
[Date "1989.??.??"]
[Round "8"]
[White "Schandorff, Lars"]
[Black "Olesen, Martin"]
[Result "1-0"]
[WhiteElo "2435"]
[BlackElo "2230"]

1.d4 e6 2.c4 Nf6 3.Nf3 Bb4+ 4.Bd2 Qe7 5.g3 Nc6 6.Nc3 d5 7.cxd5 exd5 8.Bg2 O-O
9.O-O Re8 10.Re1 Bf5 11.Rc1 h6 12.a3 Bxc3 13.Bxc3 Be4 14.Ne5 Bxg2 15.Nxc6 Qe6
16.Kxg2 Qxc6 17.Ba5 Qb5 18.Bxc7 Qxb2 19.Qd3 a6 20.Rb1 Qa2 21.Rxb7 Ne4 22.Ba5 Rab8
23.Rxb8 Rxb8 24.Rc1 g6 25.Bc7 Rb3 26.Be5 Kh7 27.Rc8 g5 28.Qxa6 Rxg3+ 29.hxg3  1-0

[Event "Alicante op2"]
[Site "Alicante"]
[Date "1989.??.??"]
[Round "?"]
[White "Garcia Padron, J."]
[Black "Ochoa de Echaguen, F Javier"]
[Result "1/2-1/2"]
[WhiteElo "2420"]
[BlackElo "2435"]

1.d4 Nf6 2.Nf3 e6 3.c4 Bb4+ 4.Bd2 c5 5.Bxb4 cxb4 6.g3 O-O 7.Bg2 d6 8.O-O Qc7
9.Qd3 b6 10.Nbd2 Bb7 11.e4 a5 12.Ng5 e5 13.f4 Nc6 14.d5 Nd4 15.fxe5 dxe5
16.Nb3 Nxb3 17.axb3 Nd7 18.Bh3 Nc5 19.Qc2 Qe7 20.Nf3 Bc8 21.Bxc8 Raxc8 22.Kg2 g6
23.Rad1 Rfd8 24.Rde1 Rd6 25.Re2 Kg7 26.Re3 Rc7 27.Re2 Rf6 28.Rd1 Rd6 29.Nd2 Rc8
30.Re3 Rcd8 31.Rde1 Rf6 32.Qd1 Rfd6 33.Qg4 Re8 34.Rf1 Qd7 35.Qe2 Rf6 36.Rd1 Rd6
37.Rh1 h6 38.Re1 Rh8 39.Nf3 Qe7 40.Rd1 Ra8 41.Qe1 Rad8 42.g4 Rf6 43.Qh4 g5
44.Qe1 Rf4 45.h3  1/2-1/2

[Event "Altensteig"]
[Site "Altensteig"]
[Date "1989.??.??"]
[Round "?"]
[White "Bischoff, Klaus"]
[Black "Stangl, Markus"]
[Result "1-0"]
[WhiteElo "2500"]
[BlackElo "2375"]

1.d4 Nf6 2.c4 e6 3.Nf3 Bb4+ 4.Bd2 c5 5.Bxb4 cxb4 6.e3 O-O 7.a3 bxa3 8.Rxa3 Nc6
9.Be2 d6 10.O-O e5 11.Nc3 Bg4 12.Qd2 a5 13.Rd1 Re8 14.h3 Bh5 15.Raa1 h6 16.b3 Qb6
17.Nb5 exd4 18.Nfxd4 Bxe2 19.Qxe2 Nb4 20.Nf5 d5 21.c5 Qa6 22.Nfd6 Red8 23.Qb2 Qc6
24.Nd4 Qc7 25.N4f5 Kh7 26.Rd4 Qxc5 27.Rc1 Qb6 28.Nxf7 Rdc8 29.N5d6 Rxc1+
30.Qxc1 Qc6 31.Qa1 b6 32.Rd1 Rf8 33.Rc1 Qd7 34.Qb1+ g6 35.Ne5 Qxd6 36.Qxg6+ Kh8
37.Qxh6+ Kg8 38.Qg6+ Kh8 39.Rc8  1-0

[Event "American op"]
[Site "?"]
[Date "1989.??.??"]
[Round "4"]
[White "Rohde, Ulrich"]
[Black "Silman, Jeremy D"]
[Result "0-1"]
[WhiteElo "2280"]
[BlackElo "2410"]

1.d4 Nf6 2.c4 e6 3.Nf3 Bb4+ 4.Bd2 Qe7 5.g3 Nc6 6.Nc3 d5 7.cxd5 exd5 8.Bg2 O-O
9.O-O Bg4 10.Bg5 Bxc3 11.bxc3 h6 12.Bxf6 Qxf6 13.h3 Bxf3 14.Bxf3 Rad8 15.Qd3 Qe6
16.Rab1 Na5 17.e4 dxe4 18.Bxe4 b6 19.Rbe1 Qxa2 20.Qf3 Rd6 21.Qf5 g6 22.Qf4 Nc4
23.Bd3 Qb3 24.Be2 b5 25.Rc1 Kg7 26.d5 Rxd5 27.Qxc7 a5 28.Qb7 Re5 29.Bd1 Qa3
30.Rc2 Qe7 31.Qc6 Qc5 32.Qd7 Rd5 33.Qb7 Rfd8 34.Bg4 Rd2 35.Rxd2 Rxd2 36.Qe4 Nd6
37.Qf4 Qxc3 38.h4 a4 39.Re1 Qd4 40.Qf3 Rd3  0-1

[Event "American op"]
[Site "?"]
[Date "1989.??.??"]
[Round "7"]
[White "Dlugy, Maxim"]
[Black "Bradford, Joseph M"]
[Result "1-0"]
[WhiteElo "2570"]
[BlackElo "2425"]

1.d4 Nf6 2.c4 e6 3.Nf3 Bb4+ 4.Bd2 Qe7 5.g3 O-O 6.Bg2 Bxd2+ 7.Qxd2 d6 8.Nc3 Nbd7
9.e4 e5 10.O-O Re8 11.Rfe1 c6 12.h3 Nf8 13.b4 N6d7 14.Qd3 Qf6 15.Rad1 a6
16.a3 Qh6 17.Nh4 g6 18.d5 c5 19.Na4 b6 20.Rb1 b5 21.Nc3 bxc4 22.Qxc4 a5 23.bxc5 Nxc5
24.Rb6 Ra6 25.Rxd6 Rxd6 26.Qxc5 Rdd8 27.Nb5 g5 28.Nf3 Bxh3 29.Bxh3 Qxh3 30.Nd6 Qh5
31.Nxe8 Qxf3 32.Qe7  1-0

[Event "ARG-ch"]
[Site "?"]
[Date "1989.??.??"]
[Round "6"]
[White "Adla, Diego"]
[Black "Contin, Daniel"]
[Result "1-0"]
[WhiteElo "2335"]
[BlackElo "2310"]

1.d4 Nf6 2.Nf3 e6 3.c4 Bb4+ 4.Bd2 c5 5.Bxb4 cxb4 6.e3 O-O 7.Be2 d6 8.O-O Qc7
9.a3 Nc6 10.Qb3 a5 11.Rc1 e5 12.d5 a4 13.Qd1 Na5 14.Qxa4 Nxd5 15.Qd1 bxa3
16.Rxa3 Nb4 17.Qe1 Qb6 18.Ra4 Nc2 19.Rxc2 Qb3 20.Rxa5 Rxa5 21.Qc1 Bf5 22.Rc3 Qb4
23.Na3 Rc8 24.Nd2 d5 25.Rb3 Qe7 26.Qc3 Ra4 27.Rb5 d4 28.exd4 exd4 29.Qf3 Re8
30.Bf1 Bg6 31.Rd5 Rb4 32.b3 Ra8 33.Nb5 d3 34.Bxd3 Ra1+ 35.Bf1 h5 36.Qc3 Rd1
37.Re5 Qf6 38.Re8+ Kh7 39.Qxb4 Bd3 40.Qc3 Bxf1 41.Nxf1 Qf5 42.Re1  1-0

[Event "EU-ch U20"]
[Site "Arnhem"]
[Date "1989.??.??"]
[Round "?"]
[White "Agnos, Demetrios"]
[Black "Serper, Grigory"]
[Result "1/2-1/2"]
[WhiteElo "2375"]
[BlackElo "2420"]

1.d4 Nf6 2.c4 e6 3.Nf3 Bb4+ 4.Bd2 Qe7 5.g3 b6 6.Bg2 Bb7 7.O-O Bxd2 8.Qxd2 d6
9.Nc3 Ne4 10.Nxe4 Bxe4 11.Ng5 Bxg2 12.Kxg2 h6 13.Nf3 O-O 14.e4 Nd7 15.Qe2 c5
16.Rad1 Rac8 17.b3 Rfd8 18.Rd2 cxd4 19.Nxd4 Nf6 20.Rfd1 a6 21.e5 Ne8 22.exd6 Rxd6
23.Nf3 Rcd8 24.Rxd6 Rxd6 25.Rxd6 Qxd6 26.Qe4 a5  1/2-1/2

[Event "EU-ch U20"]
[Site "Arnhem"]
[Date "1989.??.??"]
[Round "?"]
[White "Borge, Nikolaj"]
[Black "Serper, Grigory"]
[Result "0-1"]
[WhiteElo "2245"]
[BlackElo "2420"]

1.d4 Nf6 2.c4 e6 3.Nf3 Bb4+ 4.Bd2 Qe7 5.Qc2 Bxd2+ 6.Nbxd2 d6 7.e3 e5 8.Bd3 Bg4
9.Bf5 Bxf5 10.Qxf5 Nbd7 11.O-O O-O 12.Rad1 g6 13.Qg5 Rfe8 14.Nh4 Qf8 15.f4 exd4
16.exd4 Re2 17.f5 h6 18.Qg3 g5 19.Qd3 Rae8 20.Nhf3 R8e3 21.Qb1 g4 22.Ne1 Qe7
23.Nd3 Nh5 24.Rf2 g3 25.hxg3 Nxg3 26.Nf1 Rxf2 27.Nxe3 Re2 28.Nd5 Qe4 29.Nf2 Qxb1
30.Rxb1 c6 31.Nf4 Rd2 32.N2d3 Nxf5 33.Kf1 Ne3+ 34.Ke1 Rc2 35.a3 Nxg2+  0-1

[Event "Akropolis op"]
[Site "Athens"]
[Date "1989.??.??"]
[Round "?"]
[White "Pavlovic, Milos"]
[Black "Marinkovic, Ivan"]
[Result "1/2-1/2"]
[WhiteElo "2375"]
[BlackElo "2420"]

1.d4 Nf6 2.Nf3 e6 3.c4 Bb4+ 4.Bd2 Bxd2+ 5.Qxd2 O-O 6.g3 d5 7.Bg2 Qe7 8.O-O Rd8
9.Qc2 c6 10.Nbd2 Nbd7 11.e4 dxe4 12.Nxe4 c5  1/2-1/2

[Event "Augustow"]
[Site "Augustow"]
[Date "1989.??.??"]
[Round "8"]
[White "Zlotnik, Boris A"]
[Black "Kislov, Mikhail"]
[Result "1-0"]
[WhiteElo "2420"]
[BlackElo "2415"]

1.d4 Nf6 2.c4 e6 3.Nf3 Bb4+ 4.Bd2 Qe7 5.g3 O-O 6.Bg2 Re8 7.O-O Bxd2 8.Qxd2 d6
9.Nc3 e5 10.e4 Nbd7 11.Rfe1 c6 12.Rad1 a5 13.b3 b6 14.Nh4 g6 15.f4 Bb7 16.d5 cxd5
17.exd5 Qf8 18.Nb5 e4 19.Nc7 Nc5 20.Nxa8 Bxa8 21.Qd4 Qe7 22.Bf1 Bb7 23.h3 Nh5
24.Qe3 Qf6 25.Ng2 Ng7 26.g4 h5 27.Qd4 Qd8 28.Re3 Bc8 29.Be2 Bd7 30.Rf1 f6
31.Qc3 Kf7 32.gxh5 Nf5 33.Rg3 Nxg3 34.Qxg3 Bf5 35.hxg6+ Kg7 36.Ne3 Qd7 37.Nxf5+ Qxf5
38.Bg4 Qxg6 39.f5 Qg5 40.h4 Qd2 41.Bh5+ Kf8 42.Qxd6+  1-0

[Event "AUT-ch"]
[Site "?"]
[Date "1989.??.??"]
[Round "5"]
[White "Fauland, Alexander"]
[Black "Petschar, Kurt"]
[Result "1/2-1/2"]
[WhiteElo "2450"]
[BlackElo "2290"]

1.d4 Nf6 2.Nf3 e6 3.c4 Bb4+ 4.Bd2 a5 5.g3 O-O 6.Bg2 d6 7.O-O Bxd2 8.Qxd2 Qe7
9.Nc3 e5 10.Rac1 Bg4 11.Qe3 Re8 12.Nd5 Nxd5 13.cxd5 c6 14.dxe5 dxe5 15.Nd2 cxd5
16.Bxd5 Nc6 17.Bxc6 bxc6 18.Rxc6 Qb7 19.Rb6 Qd5 20.Ra1 Rad8 21.Nf3 e4 22.Ne1 Qc4
23.Kf1 h6 24.Rb3 Re5 25.Rc3 Qe6 26.b3 Red5 27.f3 Qf6 28.Rac1 exf3 29.Nxf3 Bh3+
30.Kf2 g5 31.Rc6 Qf5 32.Rxh6 g4 33.Qc3 Rd4 34.Rd1 gxf3 35.Rxd4 fxe2+ 36.Rf4 e1=Q+
37.Kxe1 Qb1+ 38.Kf2 Qf1+ 39.Ke3 Qg1+ 40.Rf2 Re8+ 41.Kd3 Qd1+ 42.Qd2 Rd8+
43.Kc3 Rc8+ 44.Kd3 Rd8+ 45.Ke3 Rxd2 46.Rxd2 Qe1+ 47.Re2 Qc1+ 48.Rd2 Qc5+
49.Kd3 Bf5+ 50.Ke2 Qe5+ 51.Kf2 Qc5+ 52.Ke2 Qe7+ 53.Kf2 Qa7+ 54.Kf3 Qb7+ 55.Kf2 Be6
56.Rh4 Qb6+ 57.Rhd4 Kg7 58.Ke2 Qb5+ 59.Kf2 Qf5+  1/2-1/2

[Event "AUT-ch"]
[Site "?"]
[Date "1989.??.??"]
[Round "7"]
[White "Fauland, Alexander"]
[Black "Baumgartner, Heinz"]
[Result "0-1"]
[WhiteElo "2450"]
[BlackElo "2365"]

1.d4 Nf6 2.Nf3 e6 3.c4 Bb4+ 4.Bd2 Qe7 5.Nc3 b6 6.g3 Bb7 7.Bg2 Bxc3 8.Bxc3 Ne4
9.Rc1 d6 10.O-O Nxc3 11.Rxc3 Nd7 12.Qa4 O-O 13.Rd1 c5 14.dxc5 Nxc5 15.Qa3 a5
16.Rc2 Rfd8 17.Rcd2 Ne4 18.Rd4 Qc7 19.Qe3 Nf6 20.Qd3 d5 21.cxd5 Rxd5 22.Ng5 Rxd4
23.Qxd4 Bxg2 24.Kxg2 b5 25.Nf3 h6 26.Ne5 Rc8 27.f3 Nd5 28.Kf2 Nb4 29.a3 Nc2
30.Qd7 Qc5+ 31.e3 Qxe3+ 32.Kg2 Rf8 33.Qxb5 Ne1+ 34.Kh3 Qf2 35.Qxa5 Qf1+ 36.Kh4 Ng2+
37.Kh3 Qxd1 38.Kxg2 Qe2+ 39.Kh3 Qxb2 40.Qc5 Qe2 41.a4 h5 42.f4 h4 43.Nc6 hxg3
44.hxg3 g6 45.Qb5 Qe1 46.Kg2 Kh7 47.Qa6 Kg7 48.Qd3 Rc8 49.Ne5 Rc3  0-1

[Event "Bad Orb op"]
[Site "Bad Orb"]
[Date "1989.??.??"]
[Round "?"]
[White "Eperjesi, Laszlo"]
[Black "Fecht, Hans Peter"]
[Result "1/2-1/2"]
[WhiteElo "2375"]
[BlackElo "2260"]

1.d4 Nf6 2.Nf3 e6 3.c4 Bb4+ 4.Bd2 Qe7 5.g3 Nc6 6.Bg2 Bxd2+ 7.Nbxd2 d6 8.O-O O-O
9.e4 e5 10.d5 Nb8 11.Ne1 a5 12.b3 Na6 13.a3 Bg4 14.f3 Bd7 15.Nc2 c5 16.Rf2 g6
17.Nf1 Ne8 18.Nfe3 Nec7 19.Qd2 b5 20.Ne1 Rfb8 21.Nd3 bxc4 22.bxc4 f6 23.f4 a4
24.Bf3 Rb7 25.fxe5 dxe5 26.Bg4 Ne8 27.Bxd7 Qxd7 28.Qe2 Rab8 29.Raf1 Rb1 30.Ng4 Rxf1+
31.Rxf1 Qe7 32.Qc2 Rb3 33.Nc1 h5 34.Nxb3 axb3 35.Qxb3 hxg4 36.Qb6 Nac7 37.a4 Kf7
38.a5 Nd6 39.a6 Nxc4 40.Qb3 Nd6 41.a7 c4 42.Qb8 Nxe4 43.a8=Q Nxa8 44.Qxa8 Qc5+
45.Kh1 Qe3 46.Qb7+ Kg8 47.Qc8+ Kg7 48.Qd7+ Kh6 49.Qxg4 Nf2+ 50.Rxf2 Qxf2
51.Qh3+ Kg7 52.Qd7+  1/2-1/2

[Event "Bayamo"]
[Site "Bayamo"]
[Date "1989.??.??"]
[Round "1"]
[White "Arencibia, Walter"]
[Black "Garcia Gonzales, Guillermo"]
[Result "1/2-1/2"]
[WhiteElo "2395"]
[BlackElo "2515"]

1.d4 Nf6 2.Nf3 e6 3.c4 Bb4+ 4.Bd2 Qe7 5.g3 Nc6 6.Bg2 Bxd2+ 7.Nbxd2 d6 8.O-O a5
9.Qc2 O-O 10.e4 e5 11.d5 Nb8 12.Ne1 Na6  1/2-1/2

[Event "Bayamo"]
[Site "Bayamo"]
[Date "1989.??.??"]
[Round "3"]
[White "Kharitonov, Andrei Y"]
[Black "Garcia Gonzales, Guillermo"]
[Result "1/2-1/2"]
[WhiteElo "2520"]
[BlackElo "2515"]

1.d4 Nf6 2.Nf3 e6 3.c4 Bb4+ 4.Bd2 a5 5.g3 b6 6.Bg2 Bb7 7.O-O O-O 8.Bf4 Be7
9.Nc3 Ne4 10.Qc2 Nxc3 11.bxc3 Qc8 12.e4 d6 13.Rfe1 Nd7 14.Rad1 Re8 15.Bc1 Ba6
16.Bf1 c6 17.Bd3 e5  1/2-1/2

[Event "Bayamo"]
[Site "Bayamo"]
[Date "1989.??.??"]
[Round "13"]
[White "Garcia Gonzales, Guillermo"]
[Black "Vera, Reynaldo"]
[Result "1/2-1/2"]
[WhiteElo "2515"]
[BlackElo "2470"]

1.d4 Nf6 2.c4 e6 3.Nf3 Bb4+ 4.Bd2 Qe7 5.e3 O-O 6.Bd3 d5 7.O-O b6 8.Nc3 Bb7
9.cxd5 exd5 10.Rc1 a6 11.Ne2 Bxd2 12.Qxd2 Qd6 13.Ne5 Nbd7 14.Nxd7 Nxd7  1/2-1/2

[Event "GMA-qual"]
[Site "Belgorod"]
[Date "1989.??.??"]
[Round "?"]
[White "Bagaturov, Giorgi"]
[Black "Kengis, Edvins"]
[Result "1/2-1/2"]
[WhiteElo "2365"]
[BlackElo "2465"]

1.d4 Nf6 2.c4 e6 3.Nf3 Bb4+ 4.Bd2 c5 5.Bxb4 cxb4 6.g3 O-O 7.Bg2 d6 8.O-O Re8
9.Re1 Qc7 10.Nbd2 e5 11.c5 e4 12.cxd6 Qxd6 13.Nc4 Qd5 14.Ne3 Qb5 15.Nd2 Nc6
16.Rc1 Bd7 17.Ndc4 Qa6 18.Nd6 Re6 19.Ndf5 Ree8 20.Nd6 Re6 21.Ndf5 Ree8 22.d5 Ne5
23.Qd2 g6 24.Nd4 Qb6 25.Nb3 Neg4 26.Nxg4 Bxg4 27.Rc4 a5 28.Qd4 Qxd4 29.Rxd4 Bf5
30.h3 h5 31.Red1 Rec8 32.R4d2 Bd7 33.Nd4 Ba4 34.b3 Bd7 35.Nc2 Rc3 36.Ne3 Bb5
37.d6 Rd8 38.g4 hxg4 39.hxg4 Bc6 40.Rd4 g5 41.Nc4 Rc2 42.Nxa5 Rxa2 43.Nc4 Rxe2
44.Ne3 Ra8 45.Bf1 Rxe3 46.fxe3 Nxg4 47.Rc1 f5 48.Rc5 Nxe3 49.Bb5 Bxb5 50.Rxb5 Kf7
51.d7 Rd8 52.Kf2 Ng4+ 53.Kg3 Ke6 54.Rxb7 Nf6 55.Rb6+ Ke5 56.Rbd6 f4+ 57.Kg2 e3
58.Kf3 g4+ 59.Ke2 Kf5 60.Rxf6+ Kxf6 61.Rxf4+  1/2-1/2

[Event "Belgrade op"]
[Site "Belgrade"]
[Date "1989.??.??"]
[Round "2"]
[White "Magerramov, Elmar"]
[Black "Ilic, Dragan B"]
[Result "1-0"]
[WhiteElo "2470"]
[BlackElo "2235"]

1.d4 Nf6 2.c4 e6 3.Nf3 Bb4+ 4.Bd2 Qe7 5.g3 Nc6 6.Nc3 O-O 7.Bg2 d6 8.d5 Ne5
9.Nxe5 dxe5 10.O-O exd5 11.cxd5 Bf5 12.Qb3 e4 13.Rac1 Rad8 14.Bg5 Rfe8 15.Bxf6 gxf6
16.e3 c5 17.dxc6 bxc6 18.Nxe4 Rb8 19.Nc3 Bd6 20.Qa4 Rxb2 21.Qxc6 Be6 22.Nd5 Bxd5
23.Bxd5 Rb6 24.Qc2 Qe5 25.Bb3 h5 26.Rfd1 Kg7 27.Rd5 Qe7 28.Rxh5  1-0